Were These NBA Players in the All-Star Game? Sudden Death - Statistics

General Stats
  • This quiz has been taken 265 times
    262 since last reset
  • The average score is 6 of 16
Answers on the Grid
Answers color-coded by a green-red scale on the quiz's grid according to % correct below.
Andre Iguodala
Andrew Bogut
Cedric Ceballos
Dale Davis
Danny Granger
Dennis Rodman
Fred VanVleet
Ivica Zubac
Jamal Crawford
Joe Dumars
Joel Embiid
Kenny "The Jet" Smith
Kevin Durant
Kevin Love
Kyrie Irving
Lebron James
Lonzo Ball
Michael Adams
Michael Porter Jr.
Mike Bibby
Nikola Jokic
Otis Birdsong
Patrick Beverley
Rod Strickland
Royce O'Neale
Shaun Livingston
Stephen Curry
Steve Kerr
Steven Adams
Tyrese Maxey
Tyrone Hill
Udonis Haslem
 
Answer Stats
Answer % Correct
Kevin Durant
65%
Andre Iguodala
61%
Kyrie Irving
61%
Joel Embiid
60%
Lebron James
58%
Kevin Love
51%
Nikola Jokic
48%
Stephen Curry
45%
Dennis Rodman
40%
Fred VanVleet
35%
Joe Dumars
29%
Danny Granger
15%
Dale Davis
4%
Michael Adams
3%
Otis Birdsong
3%
Tyrone Hill
0%
No matching quizzes found
Score Distribution
Percent of People with Each Score
Percentile by Number Answered
Your Score History
You have not taken this quiz since the last reset